[Event "Francophone op 1st"]
[Site "Arvier"]
[Date "2009.10.03"]
[Round "9"]
[White "Marzouk, Amira"]
[Black "Belabbas, Abdellah"]
[Result "1-0"]
[WhiteElo "1703"]
[BlackElo "1915"]
[PlyCount "104"]
[EventDate "2009.09.27"]
[EventType "swiss"]
[EventRounds "9"]
[EventCountry "ITA"]
[SourceTitle "EXT 1999"]
[Source "ChessBase"]
[SourceDate "1998.11.16"]
[SourceVersion "1"]
[SourceVersionDate "1998.11.16"]
[SourceQuality "1"]

1. e4 c5 2. c3 Qc7 3. d4 e6 4. Nf3 cxd4 5. cxd4 Nf6 6. Bd3 Bb4+ 7. Bd2 Nc6 8. Nc3 0-0 9. 0-0 a6 10. Qc2 d6 11. Rac1 h6 12. a3 Ba5 13. b4 Bb6 14. d5 Nd4 15. Nxd4 Bxd4 16. dxe6 fxe6 17. Ne2 Qxc2 18. Rxc2 Bb6 19. a4 Ng4 20. Be1 Bd7 21. a5 Ba7 22. Rc7 Bc6 23. Bxa6 Rf7 24. Rxf7 Kxf7 25. Bd3 Ne5 26. Bc2 Bb5 27. Bd1 Bd3 28. Bc3 Nc4 29. Re1 Bxe4 30. Bb3 Rc8 31. Bd4 Bxd4 32. Nxd4 Bd5 33. Nb5 Ke7 34. Nc3 Kf6 35. Nxd5+ exd5 36. Rc1 Ke5 37. Re1+ Kf6 38. g3 g5 39. Bd1 d4 40. Bf3 b5 41. a6 Nb6 42. Bb7 Rc4 43. a7 Rxb4 44. a8Q Nxa8 45. Bxa8 d3 46. Rd1 Rd4 47. Bc6 b4 48. Ba4 Ke5 49. f3 Kd5 50. Bb3+ Kc5 51. Kf2 d5 52. Ke3 Rc4 1-0